000 00283nam a2200121Ia 4500
008 231129s9999||||xx |||||||||||||| ||spa||
040 _bspa
082 _a641.59 L953v
100 _aLujan Nestor
245 0 _aViaje por las cocinas del mundo
264 _aSalvat
942 _2ddc
_cBKS
999 _c26231
_d26231